Labours of Hercules - Sudden Death - Statistics

General Stats
  • This quiz has been taken 389 times
  • The average score is 8 of 12
Answers on the Grid
Answers color-coded by a green-red scale on the quiz's grid according to % correct below.
Nemean Lion
Trident of Poseidon
Lernaean Hydra
Pandora's Box
Ceryneian Hind
Shield of Achilles
Erymanthian Boar
Golden Fleece
Augean Stables
Stymphalian Birds
Necklace of Harmonia
Cretan Bull
Mares of Diomedes
Rod of Asclepius
Belt of Hippolyta
Cattle of Geryon
Golden Apples of the Hesperides
Trojan Horse
Gordian Knot
Cerberus
 
Answer Stats
Answer % Correct
Nemean Lion
91%
Lernaean Hydra
80%
Erymanthian Boar
76%
Augean Stables
68%
Golden Apples of the Hesperides
65%
Belt of Hippolyta
60%
Cretan Bull
60%
Stymphalian Birds
60%
Cerberus
57%
Ceryneian Hind
56%
Cattle of Geryon
55%
Mares of Diomedes
53%
No matching quizzes found
Score Distribution
Percent of People with Each Score
Percentile by Number Answered
Your Score History
You have not taken this quiz